| 000 | 00337nam a2200097Ia 4500 | ||
|---|---|---|---|
| 008 | 160523s9999 xx 000 0 und d | ||
| 245 | _aInnovations in Quantitative Risk Management | ||
| 245 | _cAuthors: Kathrin Glau --- Matthias Scherer --- Rudi Zagst | ||
| 260 | _c2015 | ||
| 856 | _uhttp://link.springer.com/book/10.1007/978-3-319-09114-3 | ||
| 999 |
_c294827 _d294827 |
||